Gondolatok a marosvásárhelyi Orvosi és Gyógyszerészeti Intézet múltjáról, jelenéről és jövőjéről
Elmentve itt :
| Szerző: | |
|---|---|
| Adatforrás: | Meister |
| Forrásdokumentuma: | A Hét. - 3 sz., 1990, 8 p. |
| Nyelv: | magyar |
| Kulcsszavak: | intézményszociológia oktatási intézmények egyetemek magyar felsőoktatás (romániai) felsőoktatás Marosvásárhely Marosvásárhelyi Orvosi és Gyógyszerészeti Intézet (OGYI) |
| LEADER | 00666nab a2200193 i 4500 | ||
|---|---|---|---|
| 001 | bibPRO00004424 | ||
| 008 | 060524s1990 xx hun | ||
| 040 | |a Sz1 | ||
| 041 | |a hun | ||
| 100 | 1 | |a KOVÁCS Péter | |
| 245 | 1 | 0 | |a Gondolatok a marosvásárhelyi Orvosi és Gyógyszerészeti Intézet múltjáról, jelenéről és jövőjéről |c KOVÁCS Péter |
| 695 | |a intézményszociológia | ||
| 695 | |a oktatási intézmények | ||
| 695 | |a egyetemek | ||
| 695 | |a magyar felsőoktatás (romániai) | ||
| 695 | |a felsőoktatás | ||
| 695 | |a Marosvásárhely | ||
| 695 | |a Marosvásárhelyi Orvosi és Gyógyszerészeti Intézet (OGYI) | ||
| 773 | 0 | |t A Hét. - |g 3 sz., 1990, 8 p. | |